Les juifs sépharades / (Registro nro. 172696)

Detalles MARC
000 -LEADER
campo de control de longitud fija 00744nam a2200253 i 4500
001 - NÚMERO DE CONTROL
campo de control 172696
003 - IDENTIFICADOR DE NÚMERO DE CONTROL
campo de control ES-MaACL
005 - FECHA Y HORA DE LA ÚLTIMA TRANSACCIÓN
campo de control 20250710062736.0
007 - CAMPO FIJO DE DESCRIPCIÓN FÍSICA--INFORMACIÓN GENERAL
campo de control de longitud fija t|
008 - DATOS DE LONGITUD FIJA--INFORMACIÓN GENERAL
campo de control de longitud fija 090826s1986 fr ||||1| fre d
020 ## - NÚMERO INTERNACIONAL ESTÁNDAR DEL LIBRO
Número Internacional Estándar del Libro 2-13-039328-4
080 ## - NÚMERO DE LA CLASIFICACIÓN DECIMAL UNIVERSAL
Número de la Clasificación Decimal Universal 9(=924:46-82)
080 ## - NÚMERO DE LA CLASIFICACIÓN DECIMAL UNIVERSAL
Número de la Clasificación Decimal Universal 9(=605)
100 1# - ENTRADA PRINCIPAL--NOMBRE DE PERSONA
Nombre de persona Malka, Victor.
9 (RLIN) 141185
245 14 - MENCIÓN DEL TÍTULO
Título Les juifs sépharades /
Mención de responsabilidad, etc. Victor Malka.
250 ## - MENCION DE EDICION
Mención de edición 1re éd.
260 ## - PUBLICACIÓN, DISTRIBUCIÓN, ETC.
Lugar de publicación, distribución, etc. Paris :
Nombre del editor, distribuidor, etc. Presses Universitaires de France,
Fecha de publicación, distribución, etc. 1986.
300 ## - DESCRIPCIÓN FÍSICA
Extensión 127 p. ;
Dimensiones 18 cm.
490 1# - MENCIÓN DE SERIE
Mención de serie Que sais-je ? ;
Designación de volumen o secuencia 2276
650 04 - PUNTO DE ACCESO ADICIONAL DE MATERIA--TÉRMINO DE MATERIA
Término de materia o nombre geográfico como elemento de entrada Sefardíes-
Subdivisión general Historia.
9 (RLIN) 17014
830 00 - PUNTO DE ACCESO ADICIONAL DE SERIE-TÍTULO UNIFORME
Título uniforme Que sais-je?
Designación de volumen o secuencia 2276
9 (RLIN) 180931
852 4# - LOCALIZACIÓN
Ubicación ES-MaACL
Número de control de estantería E-12981
itemnumber R.139180
Nota libre . - Biblioteca Jacinto Martínez Lacalle
Existencias
Estatus retirado Estado de pérdida Estado de daño No para préstamo Biblioteca de origen Biblioteca actual Ubicación en estantería Fecha de adquisición Fuente de adquisición Total de préstamos Signatura topográfica completa Código de barras Visto por última vez Precio de reemplazo Tipo de ítem Koha
        Biblioteca del Ateneo de Madrid Biblioteca del Ateneo de Madrid Depósito 2 26/08/2009     E-12981 1181226 23/02/2023 23/02/2023 Libro impreso